000 00677nam a2200229 a 4500
001 BRCA_4566
005 20190320204723.0
008 041210s2005####cc-a#####b---#001-0#eng-#
020 _a0936260777
041 _aeng
044 _acc
050 4 _aN577
_b.I53 2005
245 1 0 _aIndianapolis Museum of Art
_bHighlights of the Collection.
260 _aChina
_bIndianapolis Museum of Art
_c2005
300 _a231 p.
_bil. a color.
_c26 cm.
500 _aIncluye índice alfabético
504 _aBibliografía: p. 224-227
610 2 4 _aIndianapolis Museum of Art
_911573
650 1 4 _aArte
_zIndiana
_911574
650 1 4 _aArte oriental
_zIndianapolis
_911575
942 _2lcc
_cB
999 _c4271
_d4271